000 00722nam a22001695i 4500
001 161064
003 ES-MaACL
005 20230906212204.0
008 041015s1871 po |||| | por d
080 _a930.1
100 1 _aOrnellas Bruges, Theotonio Simão Paim d'.
_9130692
245 1 0 _aConferencias sobre philosophia da historia :
_bfeitas no Gremio Litterario d'Angra do Heroismo.
_n1 /
_cpor Theotonio Simão Paim d'Ornellas Bruges.
260 _aAngra do Heroismo :
_b[s.n.],
_c1871 (
_fTyp. Angrense)
300 _a1 v. (VI, 32 p.) ;
_c23 cm.
650 4 _aHistoria-
_xFilosofía.
_913380
852 4 _aES-MaACL
_jT-128-F-4
_z- Enc. hol., sólo 1ª parte, falto de cub. original
_z- Enc. en un vol. facticio
999 _c161064
_d161064